000 00892nam a2200253 a 4500
001 000018561
005 20240503073630.0
008 100511s1986 sp a 000 d spa d
020 _a8420726583
040 _aDO-SdBNP
_bspa
_cBNPHU
082 _a862.3
_bC419ca
100 1 _aCervantes Saavedra, Miguel de,
_d1547-1616
_93070
245 1 3 _aEl casamiento engañoso y el coloquio de los perros /
_cMiguel de Cervantes ; edición, introducción, notas, comentarios y apéndice de Ángel Basanta.
260 _aMadrid :
_bAnaya,
_c1986.
300 _a189, [3] p. :
_bil. ;
_c19 cm.
490 1 _aBiblioteca didáctica Anaya
_v12
500 _aIncluye notas al pie de las páginas
650 4 _aTeatro español
_93071
650 4 _aLiteratura española
_9632
700 1 _aBasanta, Ángel,
_eed.
_929397
830 0 _aBiblioteca didáctica Anaya ;
_v12
_98965
910 _aWM
049 _aBNGR
999 _c18081
_d18081